MDQL
is popping MORE tags! Check the
thread
!
Quizzes
Events
Quiz Creation
Community
Videos
Private Events
Remove Ads
Sign In
Join for FREE
Feedback
Dark Mode
Quiz Categories
Sports
Geography
Music
Movies
Television
Just For Fun
Miscellaneous
History
Literature
Language
Science
Gaming
Entertainment
Religion
Holiday
For Kids
Quiz Lab
Recent
Popular Today
Quiz Kudos Today
Editor Picks
Curator Picks
Quizzes by...
Day
Popularity
Type
Ratings
Length
Year
Community
Subscriptions
Recent Discussions
Orange Saloon
Badges
Playlists
Quests
Create
Leaderboards
Showdown
Live 5
Trivia Bingo
Activity
Puzzle Library
Sporcle Events
Private Events
Virtual Trivia
Globe League
Become a Host
Pub Owners
SporcleCon
Opinionation
Our Games
Videos
Blog
Mobile Apps
Partnerships
Remove Ads and Go Orange
Feedback
Music
Pop Music
The Beatles
Song
Album
Lyrics
Bands
Singers
Artist
Clip
Rock
Rap
Classical
Billboard
Country Music
Kpop
Taylor Swift
Music
Pop Music
The Beatles
Song
Album
Lyrics
Bands
Singers
Artist
Clip
Rock
Rap
Classical
Billboard
Country Music
Kpop
Taylor Swift
Random Quiz
Search Sporcle
×
Quiz Lab
Quiz Lab
Music
Marching Band
Type in answers that appear in a list
Type in answers that appear in a list
Classic
Best Score? Go Orange.
Drum Corps International Champion Shows Stats
Can you name the Drum Corps International Champion Shows?
By
Bflat
5m
31 Questions
108 Plays
108 Plays
108 Plays
Comments
Comments
Give Quiz Kudos
Give Quiz Kudos
-
- Ratings
hide this ad
More Info
Replay
Link that replays current quiz
Next Quiz
Link to next quiz in quiz playlist
You Got
0%
They Got
Avg Score
52%
Avg Friend Score
Upgrade to see
Score Distribution
Jump to the score distribution portion of the page
Score
0/31
Timer
05:00
0
Plays Today
Year
Show Title
% Correct
2016
Down Side Up
88%
2015
Ink
82.4%
2008
Spartacus
81.5%
2014
Felliniesque
81.5%
2013
e=mc2
80.6%
2011
Between Angels and Demons
75%
2002
Frameworks
69.4%
2004
007
65.7%
2006
Machine
64.8%
2009
1930
61.1%
1989
The Phantom of the Opera
60.2%
2005
The Zone: Dreamscapes in Four Parts With a Door
59.3%
2000
We are the Future, Niagara Falls
58.3%
2010
Through a Glass Darkly
58.3%
2012
Cabaret Voltaire
58.3%
2007
Winged Victory
54.6%
Year
Show Title
% Correct
2001
Four Corners
53.7%
2003
Phenomenon of Cool
51.9%
1995
The Planets
47.2%
1999
Inventions for a New Milennium, Rhythms at the Edge of Time
43.5%
1988
Malaguena
41.7%
1991
Roman Images
40.7%
1996
A Defiant Heart: The Music of Shostakovich, Club Blue: A Gangster Chronicle
39.8%
1987
Appalachian Spring
31.5%
1998
Stonehenge
31.5%
1990
Undiscovered Bernstein
30.6%
1994
My Spanish Heart
29.6%
1993
In the Spring, At the Time When Kings Go Off to War
28.7%
1986
Channel One Suite
24.1%
1992
Revolution and Triumph
18.5%
1997
As Time Goes By
18.5%
Quiz Playlist
Details
Report
Send in Message
Add To Playlist
More Info:
Name the title of the championship-winning show from the past 30 years of Drum Corps International.
Classic:
Type in answers that appear in a list
Quiz Source
Last Updated: Feb 16, 2017
Quiz Scoreboard
CHALLENGE
Sign Up to Join the Scoreboard
Show All
Scores
Hide
Comments
May contain spoilers
Recently Published
1-10 Letter E Words III
by El_Dandy
Language
2m
Street Fighter Characters
by Artimus82
Gaming
60s
College Basketball Coaching Resumes
by pancakes188
Sports
9m
More to Explore
Quiz From the Vault
Featured Blog Post
Where Did the Easter Bunny Come From?
hide this ad
You Might Also Like...
Tags
Drum Corps
Marching Band
Today's Top Quizzes in Music
Browse Music
hide this ad
Top Contributed Quizzes in Music
1
Taylor Swift All Songs (2024)
2
Taylor Swift Logic Puzzle
3
Guess the Artist- 70s Songs
4
7-to-1: Billboard Hot 100 #1 Hits of 2010s
5
Sorting Albums and Songs
6
KPOP LOGIC QUIZ
7
Billboard Blitz: Aretha Franklin
8
Guess the Taylor Swift song (Mystery Song)
9
Guess The Taylor Swift Lyrics Song #1
10
Billboard Blitz: ABBA
Explore More
Trending Topics
Anime
Disney
Kpop
NBA
Crossword
Harry Potter
Marvel
Puzzle
NFL
Pokémon
Country
WWE
Soccer
Song
The Office
hide this ad
More By:
Bflat
Quiz
Plays
Rating
Category
Featured
Created
U.S. States by Colleges
812
4.15
Geography
Mar 20, 2011
Andrew Lloyd Webber Musicals
446
4.67
Music
Feb 1, 2010
Character Portrayed by Multiple Actors
377
4.33
Movies
Jan 31, 2010
DCI Drum Corps
303
4.50
Music
Jan 31, 2010
Drum Corps International Champion Shows
108
Music
Sep 20, 2016
Go to Creator's Profile
Score Distribution
Quiz Creator Spotlight
Bflat
Follow
Send a Message
Quizzes Created
-
Created Quiz Play Count
-
More By This Creator
Popular Quizzes Today
1
Find the US States - No Outlines Minefield
2
Find the Countries of Europe - No Outlines Minefield
3
The Countries of the World
4
Find the US States
5
Risky Map Clicking: Biggest States A-Z
6
US States
7
Popular People in 1961
8
Movies - When Are They Set?
More Music Quizzes
'Blank Space' Lyrics
Published
Trending Quizzes
Risky Map Clicking: Least Populous States A-Z
Billboard Blitz: Aretha Franklin
1-10 Letter G Words
Countries of the World: 200 Million BC
1-10 Letter F Words
Recently Updated
Leaping Animals
pecheneg
Reality TV Shows (A-Z)
bhenderson79
Rickey Henderson's Hall of Fame Teammates
pecheneg
Champions League XIs: Arsenal
pecheneg
Quick Pick: Celebrities in WWE's Hall of Fame
aduchscher
A-Z Keypad Blitz II
pecheneg
Multiple Oscar Actors
pecheneg
Mystery Phrase Blitz: Oscar 'Best Actors'
pecheneg
F. Scott Fitzgerald Novels
LTH
Pick 3 Villains
ddd62291
Trending Topics
Kpop
Anime
Marvel
Crossword
Disney
Harry Potter
NBA
Song
Country
Soccer
Puzzle
The Office
WWE
Pokémon
NFL
Your Account Isn't Verified!
In order to create a playlist on Sporcle, you need to verify the email address you used during registration. Go to your
Sporcle Settings
to finish the process.
Report this User
Report this user for behavior that violates our
Community Guidelines
.
Details:
Send Report
Go to the Sporcle.com Mobile Site →
Comments